| 000 | 00498nam a2200193 a 4500 | ||
|---|---|---|---|
| 001 | 000026778 | ||
| 003 | DO-SdBNP | ||
| 005 | 20220811135746.0 | ||
| 008 | 110325s1988 dr ac 000 0 spa d | ||
| 040 |
_aDO-SdBNP _bspa _cBNPHU |
||
| 049 | _aBNPD | ||
| 082 |
_axxx _bP713j |
||
| 100 | 1 |
_aPlante, Marcos _953880 |
|
| 245 | 1 | 0 | _aJesús Cristo, el señor. |
| 250 | _a5a ed. | ||
| 260 |
_aSanto Domingo : _bAmigo del Hogar, _c1988. |
||
| 300 |
_a130 p. : _bil., retr. ; _c23 cm. |
||
| 942 |
_2ddc _cLBS1 |
||
| 999 |
_c26270 _d26270 |
||